00553nam a22001457a 4500003000400000005001700004008004100021040001400062100002800076245013800104260000900242300002700251500009800278504003100376OSt20171010095520.0120816t xxu||||| |||| 00| 0 eng d aMMSUcULS aDumalanta, Josefina R.  aThe Effect of structured problem solving in teaching Physics to two different groups of engineering studentscDumalanta, Josefina R.  c2003 aix, 74 leaves c28 cm. aThesis (MA Education-Biology) -- Mariano Marcos State University-Graduate School, Laoag City  aBibliography: leaves 47-48